Osobný automobil v jednoduchom účtovníctve (9 praktických príkladov)

Náklady a obstaranie automobilu a jeho ďalšiu prevádzku majú významnú úlohu v celkových nákladoch podnikateľa. V príspevku sú rozobraté jednotlivé možnosti účtovania nákladov spojených s obstaraním a prevádzkou osobného automobilu.

Guardado en:
Detalles Bibliográficos
Autor principal: Strählová, Jarmila
Formato: Capítulo de libro
Lenguaje:eslovaco
Materias:
Etiquetas: Agregar Etiqueta
Sin Etiquetas, Sea el primero en etiquetar este registro!

MARC

LEADER 00000naa a2200000 4500
001 r040146
005 20230926083354.9
041 0 |a slo 
044 |a SK 
245 1 0 |a Osobný automobil v jednoduchom účtovníctve (9 praktických príkladov)  |c Jarmila Strählová 
520 |a Náklady a obstaranie automobilu a jeho ďalšiu prevádzku majú významnú úlohu v celkových nákladoch podnikateľa. V príspevku sú rozobraté jednotlivé možnosti účtovania nákladov spojených s obstaraním a prevádzkou osobného automobilu. 
610 2 0 |a účtovníctvo jednoduché 
610 2 0 |a účtovanie nákladov 
610 2 0 |a automobily osobné 
610 2 0 |a podnikatelia 
610 2 0 |a odpisy účtovné 
610 2 0 |a ceny zostatkové 
610 2 0 |a lízing 
610 2 0 |a splátky 
610 2 0 |a náklady 
100 1 |a Strählová, Jarmila